|
|
|
|
| LEADER |
00925nam a2200253 a 4500 |
| 001 |
28591 |
| 003 |
BD-DhAAL |
| 008 |
141124s2007 xxua j 000 1 eng d |
| 010 |
|
|
|a 2007925449
|
| 020 |
|
|
|a 978074591054
|
| 040 |
|
|
|a DLC
|c DLC
|d DLC
|d BD-DhAAL
|
| 082 |
0 |
0 |
|a 813/.6
|2 22
|
| 100 |
1 |
|
|a Rowling, J. K.
|9 6136
|
| 245 |
1 |
0 |
|a Harry Potter and the deathly hallows /
|c by J.K. Rowling.
|
| 260 |
|
|
|a London :
|b Bloomsbury,
|c 2007.
|
| 300 |
|
|
|a 607 p. :
|b ill. ;
|c 24 cm.
|
| 541 |
1 |
|
|e 28591
|
| 650 |
|
1 |
|a Wizards
|v Fiction.
|9 6137
|
| 650 |
|
1 |
|a Magic
|v Fiction.
|9 6138
|
| 650 |
|
1 |
|a Coming of age
|v Fiction.
|9 6139
|
| 651 |
|
1 |
|a England
|v Fiction.
|9 6140
|
| 942 |
|
|
|2 ddc
|c BK
|
| 999 |
|
|
|c 33105
|d 33105
|
| 952 |
|
|
|0 0
|1 0
|2 ddc
|4 0
|6 813_600000000000000_ROW
|7 0
|9 44186
|a BRACUL
|b BRACUL
|c GEN
|d 2014-11-24
|e BRAC Institute of Language (BIL)
|l 13
|m 46
|o 813.6 ROW
|p 3010028591
|r 2025-10-09
|s 2025-09-24
|t 1
|w 2014-11-24
|y BK
|x Transferred from BIL to BRACUL on 06/06/22
|